000
00306nam a22001337a 4500
020
_a
NA
082
_2
22
_a
629.89
100
_a
Spasar Peter.
245
_a
Micro Controller Technology /
250
_a
2nd
260
_a
Pentice hall,
_b
Pentice hall,
_c
c1996
300
_a
722 p,;
_b
NA
_c
24cm.
942
_2
ddc
_c
EE
999
_c
2526
_d
2526